Globalizing in hard times <the> politics of banking-sector opening in the emerging world
Saved in:
| Main Author: | |
|---|---|
| Format: | Book |
| Language: | English |
| Published: |
Ithaca
Cornell University Press
2009
|
| Series: | Cornell studies in political economy
|
| Subjects: | |
| Tags: |
No Tags, Be the first to tag this record!
|
MARC
| LEADER | 00000nam a2200000 4500 | ||
|---|---|---|---|
| 001 | 0177846 | ||
| 005 | 20240306135709.0 | ||
| 020 | |a 978-0-8014-4755-6 | ||
| 041 | 0 | |a eng | |
| 044 | |a US | ||
| 245 | 1 | 0 | |a Globalizing in hard times |b <the> politics of banking-sector opening in the emerging world |c Leonardo Martinez-Diaz |
| 264 | 1 | |a Ithaca |b Cornell University Press |c 2009 | |
| 300 | |a xix, 231 s. | ||
| 490 | 1 | |a Cornell studies in political economy | |
| 830 | 0 | |a Cornell studies in political economy | |
| 610 | 2 | 0 | |a bankovníctvo |
| 610 | 2 | 0 | |a banky |
| 610 | 2 | 0 | |a krajiny rozvojové |
| 610 | 2 | 0 | |a kríza finančná |
| 610 | 2 | 0 | |a globalizácia |
| 610 | 2 | 0 | |a Mexiko |
| 610 | 2 | 0 | |a Brazília |
| 610 | 2 | 0 | |a Indonézia |
| 610 | 2 | 0 | |a Južná Kórea |
| 100 | 1 | |a Martinez-Diaz, Leonardo | |